| 000 | 00603nam a2200229Ia 4500 | ||
|---|---|---|---|
| 003 | OSt | ||
| 005 | 20220924153528.0 | ||
| 006 | a|||||r|||| 00| 0 | ||
| 007 | ta | ||
| 008 | 220923b |||||||| |||| 00| 0 tam d | ||
| 024 | _a350594 | ||
| 037 | _cTextual | ||
| 040 |
_aARTS _cARTS _btam |
||
| 041 |
_2tam _atam |
||
| 082 | _aV21:8y7L09, 31N8.1-.8 | ||
| 100 |
_aPillai Anandaranga Au. _9229082 |
||
| 245 | 0 | _aNat kurippu | |
| 260 | _c1998 | ||
| 650 | _aHISTORY | ||
| 942 |
_hV21:8y7L09, 31N8.1-.8 _cTEXL _2CC |
||
| 999 |
_c473912 _d473912 |
||